Modlitby chorých v nemocnici

Bibliographic Details
Main Author: Jendrejovský, Juraj (Author)
Format: Book
Language:Slovak
Published: Levoča Slovenská knižnica pre nevidiacich Mateja Hrebendu 2000
Subjects:

MARC

LEADER 00000nam a2200000 a 4500
001 vtls001410461
003 SK-MaSNL
005 20260302072145.0
008 240314s2000 xo f y 0 slo
015 |a SNBK2001/03-01795 
020 |a 8080473005 
035 |a SNK000365155 
040 |a SNK  |b slo  |c SNK  |e AACR2 
041 0 |a slo 
044 |a xo  |c SK 
080 |a 243(02.056.262)  |2 1981 
100 1 |a Jendrejovský, Juraj  |4 aut  |9 44610 
245 1 0 |a Modlitby chorých v nemocnici  |h slepecká tlač  |c Juraj Jendrejovský 
260 |a Levoča  |b Slovenská knižnica pre nevidiacich Mateja Hrebendu  |c 2000 
300 |a [44] s. v Brailleovom písme  |c 27x30 cm 
650 0 7 |a modlitby  |x tlače slepecké  |2 SNK  |9 365610 
655 7 |a príručky  |2 SNK  |9 74364 
919 |a 80-8047-300-5 
958 |a KST 
958 |a SX 
958 |a NT 
999 |c 1155310  |d 1157240 
952 |t P60, <03>, [BOOK], {603}  |a SNK  |b SNK  |y PREZ  |7 0  |p 17A0271603  |o snkOSB 12912  |i snkKSP 4621/2001  |0 0  |1 0  |4 0  |d 2001-03-30  |l 0  |r 2005-01-02 00:00:00  |w 2026-02-24